| 000 | 00539nam a22001937a 4500 | ||
|---|---|---|---|
| 003 | OSt | ||
| 005 | 20140310181748.0 | ||
| 008 | 130624t xxu||||| |||| 00| 0 eng d | ||
| 020 | _a9780720612455 | ||
| 050 |
_aPN 1633 _b.F889 2006 |
||
| 082 |
_aIB 822.33 _bF89 2006 |
||
| 245 |
_aDramatis Personae : _bthe rise of medieval and renaisssance theatre / _cPhilip Freund. |
||
| 260 |
_aLondon : _bPeter Owen, _cc2006. |
||
| 300 |
_a931 p. ; _c25 cm. |
||
| 521 | _aIB students | ||
| 541 | _j1 | ||
| 562 | _e1 | ||
| 942 |
_2lcc _cIB _kIB |
||
| 999 |
_c3055 _d3055 |
||